| 000 | 00553nam a22001577a 4500 | ||
|---|---|---|---|
| 003 | SGT | ||
| 020 | _a9788120345553 | ||
| 082 | _a658.5 | ||
| 100 | _aPANNEERSELVAM,R | ||
| 245 | _aPRODUCTION AND OPERATIONS MANAGEMENT | ||
| 260 |
_aNEW DELHI _bPHI _c2013 |
||
| 300 | _a700 | ||
| 650 | _aMANAGEMENT | ||
| 653 | _aINTRODUCTION,DESIGN AND ANALYSIS,CAPACITY PLANNING AND INVESTMENT DECISIONS,FORECASTING,FACILITY LOCATION,PLANT LAYOUT AND MATERIALS HANDLING,LINE OF BALANCE,MATERIALS REQUIREMENTS PLANNING,WORK STUDY,QUALITY CONTROL | ||
| 942 |
_2ddc _cFCM _021 |
||
| 999 |
_c8876 _d8876 |
||